000 01111nam a22003257a 4500
001 76
003 FISKH
005 20240904155855.0
008 230221b cb ||||| |||| 00| 0 eng d
010 _a 2002112778
020 _a0307021521
035 _a(DLC) 2002112778
040 _aDLC
_cDLC
_dMePoLT
_dFISKH
_erda
_beng
042 _apcc
_alcac
050 _aPZ7.P853
082 _a813.54
100 1 _aPotter, Marian.
245 1 4 _aThe little red caboose /
_cMarian Potter.
260 _aNew York, NY :
_bRandom House,
_c2002.
263 _a0210
300 _a12 leaves of plates :
_c20 cm.
440 _aLittle golden books
505 _aH
520 _aThis classic Little Golden Book, originally published in 1953, tells the tale of a charming red caboose who wants nothing more than to be as popular as the big steam engine at the front of the train. Boys and girls will love the inspiring tale and the colorful illustrations by Tibor Gergely.
521 8 _a430
_bLexile
521 1 _aH
_bRaz-Plus
650 _atrains
906 _a0
_bibc
_corignew
_d2
_eepcn
_f20
_gy-gencatlg
942 _2ddc
_cBK
999 _c76
_d76